[Event "Titled Tue 10th Jun Early"]
[Site "chess.com INT"]
[Date "2025.06.10"]
[Round "4"]
[White "Jia, Haoxiang"]
[Black "Yonal, Timur"]
[Result "1-0"]
[WhiteTitle "IM"]
[BlackTitle "FM"]
[WhiteElo "2316"]
[BlackElo "2170"]
[WhiteFideId "8602999"]
[BlackFideId "44115725"]
[EventDate "2025.06.10"]

1. Nf3 Nf6 2. g3 d5 3. Bg2 c5 4. O-O Nc6 5. d3 e6 6. Nbd2 Bd6 7. e4 O-O 8. Re1
Qc7 9. c3 b6 10. Qe2 Be7 11. e5 Nd7 12. Nf1 a5 13. Bf4 b5 14. h4 b4 15. N1h2 a4
16. a3 bxc3 17. bxc3 Na5 18. Ng4 Nb3 19. Ra2 Ba6 20. Ng5 Rfb8 21. Bxd5 exd5 22.
e6 Bxg5 23. Bxc7 1-0

[Event "Titled Tue 10th Jun Early"]
[Site "chess.com INT"]
[Date "2025.06.10"]
[Round "4"]
[White "Krutko, Anatoly"]
[Black "Sitnic, Adnan"]
[Result "1-0"]
[WhiteTitle "FM"]
[BlackTitle "CM"]
[WhiteElo "2397"]
[BlackElo "2058"]
[WhiteFideId "4185862"]
[BlackFideId "14403854"]
[EventDate "2025.06.10"]

1. d4 Nf6 2. c4 e6 3. Nc3 Bb4 4. e3 c5 5. a3 Bxc3+ 6. bxc3 O-O 7. Bd3 d6 8. Ne2
e5 9. O-O Nc6 10. d5 Na5 11. e4 b6 12. f4 Nd7 13. Ng3 Re8 14. Nf5 Nf6 15. fxe5
dxe5 16. Bg5 Ba6 17. Nxg7 Kxg7 18. Qf3 1-0

[Event "Titled Tue 10th Jun Early"]
[Site "chess.com INT"]
[Date "2025.06.10"]
[Round "4"]
[White "Sjoberg, Isak"]
[Black "Melamed, Daniel"]
[Result "1-0"]
[WhiteTitle "FM"]
[BlackTitle "CM"]
[WhiteElo "2314"]
[BlackElo "2047"]
[WhiteFideId "1521640"]
[BlackFideId "3229076"]
[EventDate "2025.06.10"]

1. e4 c5 2. Nf3 e6 3. b3 Nf6 4. e5 Nd5 5. Bb2 Nc6 6. Bb5 Qb6 7. Bxc6 Qxc6 8. O-O
d6 9. d3 Bd7 10. Nbd2 dxe5 11. Nxe5 Qc7 12. a4 Bd6 13. Ndc4 f6 14. Qh5+ g6 15.
Nxg6 hxg6 16. Qxh8+ Bf8 17. Bxf6 Qf4 18. Be5 Qg4 19. h3 Qg5 20. Nd6+ Ke7 21.
Qh7+ 1-0

[Event "Titled Tue 10th Jun Early"]
[Site "chess.com INT"]
[Date "2025.06.10"]
[Round "4"]
[White "Nazin, Roman"]
[Black "Mekhitarian, Krikor Sevag"]
[Result "0-1"]
[WhiteTitle "CM"]
[BlackTitle "GM"]
[WhiteElo "2250"]
[BlackElo "2564"]
[WhiteFideId "4137167"]
[BlackFideId "2107660"]
[EventDate "2025.06.10"]

1. d4 Nf6 2. Nf3 d5 3. c4 g6 4. cxd5 Bg7 5. h3 O-O 6. Qc2 Bf5 7. Qb3 Nxd5 8. Nc3
Nxc3 9. bxc3 c5 10. e3 Qa5 11. Bd2 Qc7 12. Be2 Nc6 13. O-O Na5 14. Qa3 Rac8 15.
c4 b6 16. Rac1 Rfd8 17. dxc5 Qxc5 18. Bc3 Qxa3 0-1

[Event "Titled Tue 10th Jun Early"]
[Site "chess.com INT"]
[Date "2025.06.10"]
[Round "4"]
[White "Grave, Jacob Templen"]
[Black "Yevchenko, Oleksandr"]
[Result "1-0"]
[WhiteTitle "FM"]
[BlackTitle "CM"]
[WhiteElo "2350"]
[BlackElo "2276"]
[WhiteFideId "1542656"]
[BlackFideId "14108267"]
[EventDate "2025.06.10"]

1. c4 e5 2. Nc3 Nf6 3. Nf3 e4 4. Ng5 c6 5. d3 exd3 6. Qxd3 Bb4 7. Bd2 O-O 8. a3
Bxc3 9. Bxc3 h6 10. Bxf6 Qa5+ 11. b4 1-0

[Event "Titled Tue 10th Jun Early"]
[Site "chess.com INT"]
[Date "2025.06.10"]
[Round "4"]
[White "Dziththauly Ramadhan"]
[Black "Mata Gonzalez, Jose Fernando"]
[Result "1-0"]
[WhiteTitle "CM"]
[BlackTitle "CM"]
[WhiteElo "2171"]
[BlackElo "2164"]
[WhiteFideId "7105525"]
[BlackFideId "5107423"]
[EventDate "2025.06.10"]

1. d4 Nf6 2. c4 g6 3. Nc3 Bg7 4. e4 O-O 5. f3 d6 6. Bg5 Nbd7 7. Qd2 h5 8. Nge2
Kh7 9. Ng3 e5 10. d5 a5 11. Be2 Qe8 12. O-O Ng8 13. Nb5 f6 14. Nxc7 Qd8 15. Ne6
Qe7 16. Be3 Rf7 17. Rac1 b6 18. f4 Nc5 19. Nxc5 bxc5 20. f5 gxf5 21. Nxf5 Bxf5
22. Rxf5 Nh6 23. Rxh5 Qf8 24. Rf1 Rb8 25. Bg4 Kg8 26. Bxh6 1-0

[Event "Titled Tue 10th Jun Early"]
[Site "chess.com INT"]
[Date "2025.06.10"]
[Round "4"]
[White "Logozar, Elijah"]
[Black "Deng, Henry"]
[Result "0-1"]
[BlackTitle "FM"]
[WhiteElo "1928"]
[BlackElo "2327"]
[WhiteFideId "30963788"]
[BlackFideId "30965454"]
[EventDate "2025.06.10"]

1. e4 c5 2. Nf3 e6 3. d4 cxd4 4. Nxd4 Nf6 5. Nc3 Nc6 6. Ndb5 Bc5 7. Bf4 O-O 8.
Bc7 Qe7 9. Bd6 Bxd6 10. Qxd6 Qd8 11. O-O-O a6 12. Nd4 Ne7 13. Be2 b5 14. e5 Ne8
15. Qb4 Bb7 16. Bf3 Bxf3 17. Nxf3 Nc6 18. Qe4 Qc7 19. Rd2 f6 20. Rhd1 Rd8 21.
exf6 Nxf6 22. Qh4 d5 23. Re1 Rde8 24. Rde2 b4 25. Nd1 Ne4 26. Nd2 Nd4 27. Nxe4
Nxe2+ 28. Rxe2 dxe4 29. Qxe4 a5 30. Kb1 Qxh2 31. Ne3 Qg1+ 0-1

[Event "Titled Tue 10th Jun Early"]
[Site "chess.com INT"]
[Date "2025.06.10"]
[Round "4"]
[White "Saydaliev, Saidakbar"]
[Black "Onur, Cigdem"]
[Result "1-0"]
[WhiteTitle "IM"]
[BlackTitle "WCM"]
[WhiteElo "2450"]
[BlackElo "1956"]
[WhiteFideId "14203693"]
[BlackFideId "6346030"]
[EventDate "2025.06.10"]

1. d4 d5 2. c4 c6 3. Nf3 Nf6 4. cxd5 cxd5 5. Nc3 Nc6 6. Bf4 Bf5 7. Qb3 Na5 8.
Qa4+ Bd7 9. Qc2 e6 10. e3 Bb4 11. a3 Bxc3+ 12. Qxc3 O-O 13. Bc7 Rc8 14. Bxd8
Rxc3 15. Bxa5 Rb3 16. Bc3 Rc8 17. Nd2 Rb6 18. Bd3 Bb5 19. Bxb5 Rxb5 20. Ke2 1-0

[Event "Titled Tue 10th Jun Early"]
[Site "chess.com INT"]
[Date "2025.06.10"]
[Round "4"]
[White "Aravindh, Chithambaram VR."]
[Black "Gbiorczyk, Mikolaj"]
[Result "1-0"]
[WhiteTitle "GM"]
[BlackTitle "CM"]
[WhiteElo "2749"]
[BlackElo "2191"]
[WhiteFideId "5072786"]
[BlackFideId "21080763"]
[EventDate "2025.06.10"]

1. Nf3 f5 2. h3 d6 3. g4 fxg4 4. hxg4 Bxg4 5. d4 Nf6 6. Nc3 g6 7. Ng5 Bg7 8. Qd3
Bf5 9. e4 Bc8 10. Bh3 Bxh3 11. Qxh3 Qd7 12. Ne6 Kf7 13. d5 c6 14. Bh6 Bxh6 15.
Qxh6 Rg8 16. Qf4 Ke8 17. O-O-O Na6 18. e5 dxe5 19. Qxe5 Qd6 20. Qe3 cxd5 21. Nb5
Qc6 22. Rhe1 Qxb5 23. Nc7+ Nxc7 24. Qxe7# 1-0

[Event "Titled Tue 10th Jun Early"]
[Site "chess.com INT"]
[Date "2025.06.10"]
[Round "4"]
[White "Palczert, Matyas"]
[Black "Wieczorek, Zbigniew"]
[Result "1-0"]
[WhiteTitle "FM"]
[BlackTitle "FM"]
[WhiteElo "2396"]
[BlackElo "2105"]
[WhiteFideId "784958"]
[BlackFideId "1102001"]
[EventDate "2025.06.10"]

1. b3 e5 2. Bb2 d6 3. c4 Nf6 4. g3 g6 5. Bg2 Bg7 6. Nf3 O-O 7. O-O Nbd7 8. d4
Re8 9. dxe5 Ng4 10. Nbd2 Ndxe5 11. Nxe5 dxe5 12. Ne4 Qe7 13. Qc1 f6 14. Ba3 Qf7
15. Nc5 c6 16. Ne4 Qf8 17. Bxf8 1-0

[Event "Titled Tue 10th Jun Early"]
[Site "chess.com INT"]
[Date "2025.06.10"]
[Round "4"]
[White "Thorhallsson, Simon"]
[Black "Ozen, Batuhan"]
[Result "0-1"]
[WhiteTitle "FM"]
[BlackTitle "CM"]
[WhiteElo "2202"]
[BlackElo "2128"]
[WhiteFideId "2310090"]
[BlackFideId "6345123"]
[EventDate "2025.06.10"]

1. d4 Nf6 2. c4 e6 3. g3 d5 4. Nf3 dxc4 5. Bg2 a6 6. a4 Nc6 7. O-O Rb8 8. Nbd2
b5 9. axb5 axb5 10. b3 c3 11. Nb1 b4 12. Bg5 Be7 13. e3 O-O 14. Ne1 Bb7 15. Nd3
Nd5 16. Bxe7 Qxe7 17. e4 Nxd4 18. exd5 c2 19. Qd2 cxb1=Q 20. Raxb1 Bxd5 21. Bxd5
exd5 22. Ne1 c5 23. Qd3 Qe4 24. Qxe4 dxe4 25. Ng2 Nf3+ 26. Kh1 Nd2 0-1

[Event "Titled Tue 10th Jun Early"]
[Site "chess.com INT"]
[Date "2025.06.10"]
[Round "4"]
[White "Urazayev, Arystanbek"]
[Black "Brezis, Ari"]
[Result "1-0"]
[WhiteTitle "IM"]
[BlackTitle "CM"]
[WhiteElo "2490"]
[BlackElo "2179"]
[WhiteFideId "13709810"]
[BlackFideId "2858541"]
[EventDate "2025.06.10"]

1. e4 c6 2. Nc3 d5 3. Nf3 Bg4 4. h3 Bxf3 5. Qxf3 e6 6. d3 Nd7 7. g3 Ngf6 8. Bg2
Bc5 9. O-O O-O 10. Re1 Qc7 11. Qd1 d4 12. Ne2 e5 13. g4 Bd6 14. Ng3 g6 15. Bh6
Rfe8 16. Qd2 Bf8 17. Rf1 Bxh6 18. Qxh6 Kh8 19. Qd2 Nf8 20. g5 N6d7 21. f4 Ne6
22. Ne2 exf4 23. Nxf4 Kg7 24. Nxe6+ Rxe6 25. Qf2 Kg8 26. Qxf7+ 1-0

[Event "Titled Tue 10th Jun Early"]
[Site "chess.com INT"]
[Date "2025.06.10"]
[Round "4"]
[White "Andrejevs, Arvids"]
[Black "Hemam, Moulaye Brahim"]
[Result "1-0"]
[WhiteTitle "CM"]
[BlackTitle "CM"]
[WhiteElo "2165"]
[BlackElo "1956"]
[WhiteFideId "11602708"]
[BlackFideId "19600054"]
[EventDate "2025.06.10"]

1. Nf3 Nf6 2. g3 g6 3. Bg2 Bg7 4. O-O O-O 5. c4 d6 6. Nc3 Nc6 7. d4 a6 8. e4 Rb8
9. h3 h6 10. e5 Ne8 11. Bf4 f6 12. e6 g5 13. d5 gxf4 14. gxf4 Na5 15. Qd3 c5 16.
Nh4 Nc7 17. Qf5 b5 18. Be4 Bxe6 19. Qh7+ 1-0

[Event "Titled Tue 10th Jun Early"]
[Site "chess.com INT"]
[Date "2025.06.10"]
[Round "4"]
[White "Bartakke, Amardeep S."]
[Black "Gulevich, Artem"]
[Result "1/2-1/2"]
[WhiteTitle "CM"]
[BlackTitle "FM"]
[WhiteElo "2116"]
[BlackElo "2304"]
[WhiteFideId "5003288"]
[BlackFideId "24119580"]
[EventDate "2025.06.10"]

1. e4 c5 2. Nf3 Nc6 3. d4 cxd4 4. Nxd4 Qb6 5. Nb3 Nf6 6. Be3 Qc7 7. Nc3 e6 8.
Bd3 d6 9. O-O a6 10. f4 b5 11. Qf3 Bb7 12. Rae1 Nb4 13. Qg3 d5 14. exd5 Nfxd5
15. Nxd5 Bxd5 16. Bd2 Nxd3 17. Qxd3 Bc4 18. Qe4 Rd8 19. Ba5 Qa7+ 20. Kh1 Bxf1
21. Bxd8 Bc4 22. Bh4 Be7 23. Qc6+ Qd7 24. Qa8+ Qd8 25. Qc6+ Qd7 26. Qa8+ Qd8 27.
Qc6+ Qd7 1/2-1/2

[Event "Titled Tue 10th Jun Early"]
[Site "chess.com INT"]
[Date "2025.06.10"]
[Round "4"]
[White "Dubnevych, Maksym"]
[Black "Chiang, Jacob"]
[Result "1-0"]
[WhiteTitle "FM"]
[WhiteElo "2296"]
[BlackElo "2006"]
[WhiteFideId "14184001"]
[BlackFideId "30962331"]
[EventDate "2025.06.10"]

1. Nc3 c5 2. e4 Nc6 3. Bb5 Nd4 4. Nf3 e6 5. O-O a6 6. Bd3 Nc6 7. Be2 Nd4 8. Bd3
Nc6 9. e5 g5 10. Be4 g4 11. Bxc6 dxc6 12. Ne1 h5 13. d3 Bg7 14. Qe2 Ne7 15. f3
Ng6 16. f4 Ne7 17. Ne4 Nf5 18. Nxc5 Qd4+ 19. Qf2 g3 20. hxg3 Nxg3 21. Qxd4 Ne2+
22. Kf2 Nxd4 23. Ne4 Ke7 24. Be3 Nf5 25. Bc5+ Kd7 26. Nf3 Kc7 27. Nfg5 b6 28.
Bd6+ Nxd6 29. exd6+ Kd7 30. Nxf7 Rf8 31. Nfg5 Rxf4+ 32. Ke2 Rf5 33. Nf3 Bxb2 34.
Rab1 Ba3 35. Nh4 Rxf1 36. Rxf1 Bxd6 37. Rf7+ Be7 38. Ng6 c5 39. Rxe7+ Kc6 40. c4
b5 41. Re8 bxc4 42. dxc4 Rb8 43. Rxc8+ Rxc8 44. Ne7+ Kd7 45. Nxc8 Kxc8 46. Nxc5 1-0

[Event "Titled Tue 10th Jun Early"]
[Site "chess.com INT"]
[Date "2025.06.10"]
[Round "4"]
[White "Shubenkova, Veronika"]
[Black "Izafatava, Kira"]
[Result "1-0"]
[WhiteTitle "WFM"]
[WhiteElo "2031"]
[BlackElo "2036"]
[WhiteFideId "44124040"]
[BlackFideId "13521705"]
[EventDate "2025.06.10"]

1. d4 d5 2. e3 Nf6 3. f4 g6 4. Nf3 Bg7 5. c3 c5 6. Bd3 cxd4 7. exd4 Nc6 8. Nbd2
Bf5 9. Qe2 Bxd3 10. Qxd3 Qd6 11. Ne5 O-O 12. O-O Nd7 13. a4 f6 14. Nxd7 Qxd7 15.
f5 gxf5 16. Rxf5 e5 17. Nb3 e4 18. Qh3 b6 19. Bf4 Ne7 20. Rh5 Qxh3 21. gxh3 f5
22. Kf2 Ng6 23. Ke3 Rf6 24. Rg1 Kf7 25. Rxh7 Rh8 26. Rxh8 Nxh8 27. Bg5 Rg6 28.
h4 Re6 29. h5 Bh6 30. h4 Bg7 31. Nd2 Ke8 32. Rf1 Nf7 33. Rxf5 Bh6 34. Rxd5 1-0

[Event "Titled Tue 10th Jun Early"]
[Site "chess.com INT"]
[Date "2025.06.10"]
[Round "4"]
[White "Yang, Daniel"]
[Black "Vafin, Ayrat"]
[Result "0-1"]
[WhiteTitle "CM"]
[BlackTitle "FM"]
[WhiteElo "2198"]
[BlackElo "2302"]
[WhiteFideId "30976340"]
[BlackFideId "4146530"]
[EventDate "2025.06.10"]

1. Nf3 d5 2. g3 Nf6 3. Bg2 c6 4. O-O Bg4 5. h3 Bxf3 6. Bxf3 Nbd7 7. d4 e5 8. c4
e4 9. Bg2 dxc4 10. Nc3 Be7 11. Nxe4 O-O 12. Qc2 Nxe4 13. Bxe4 Nf6 14. Be3 Nxe4
15. Qxe4 Bf6 16. Rac1 Qd5 17. Qxd5 cxd5 18. Kg2 b5 19. g4 g6 20. Kg3 Rfe8 21.
Rfe1 Re4 22. Red1 a5 23. g5 Bg7 24. h4 b4 25. a3 bxa3 26. bxa3 Rb8 27. Rb1 Rxb1
28. Rxb1 Bxd4 29. Bxd4 Rxd4 30. h5 gxh5 31. e3 Rg4+ 32. Kf3 c3 33. Rc1 Rc4 34.
Ke2 c2 35. Kd3 h4 0-1

[Event "Titled Tue 10th Jun Early"]
[Site "chess.com INT"]
[Date "2025.06.10"]
[Round "4"]
[White "Weerasekara, Dishal Nimsara"]
[Black "Tarnowska, Aleksandra"]
[Result "1-0"]
[WhiteTitle "FM"]
[BlackTitle "WCM"]
[WhiteElo "2125"]
[BlackElo "1882"]
[WhiteFideId "9997431"]
[BlackFideId "1180967"]
[EventDate "2025.06.10"]

1. c4 e5 2. Nc3 Bb4 3. Nd5 Bc5 4. g3 c6 5. Nc3 d5 6. cxd5 cxd5 7. Bg2 Be6 8. d3
Qb6 9. e3 Nf6 10. Nge2 O-O 11. O-O Nbd7 12. Na4 Qd6 13. Nxc5 Qxc5 14. d4 Qd6 15.
dxe5 Qxe5 16. Nd4 Bg4 17. Qd3 Nc5 18. Qb5 Nce4 19. f3 Nxg3 20. hxg3 1-0

[Event "Titled Tue 10th Jun Early"]
[Site "chess.com INT"]
[Date "2025.06.10"]
[Round "4"]
[White "Zgadzaj, Rafal"]
[Black "Golubovskis, Maksims"]
[Result "0-1"]
[WhiteTitle "CM"]
[BlackTitle "FM"]
[WhiteElo "2018"]
[BlackElo "2228"]
[WhiteFideId "1113712"]
[BlackFideId "11608528"]
[EventDate "2025.06.10"]

1. d4 Nf6 2. Nf3 g6 3. b3 Bg7 4. Bb2 O-O 5. c4 e6 6. Nbd2 b6 7. e3 Bb7 8. Be2 d5
9. O-O Nbd7 10. Rc1 c5 11. dxc5 bxc5 12. cxd5 exd5 13. Nb1 Rc8 14. Bb5 a6 15.
Be2 Qe7 16. Nc3 Rfd8 17. Na4 h5 18. h3 Qe6 19. Qd2 Ne4 20. Qc2 Ne5 21. Nxe5 Bxe5
22. Bxe5 Qxe5 23. Bf3 d4 24. Nb6 d3 25. Qb1 d2 26. Bxe4 dxc1=Q 27. Rxc1 Bxe4 28.
Nc4 Bxb1 29. Nxe5 Bxa2 0-1

[Event "Titled Tue 10th Jun Early"]
[Site "chess.com INT"]
[Date "2025.06.10"]
[Round "4"]
[White "Schut, Han"]
[Black "Flynn, Jacob"]
[Result "0-1"]
[WhiteTitle "CM"]
[BlackTitle "CM"]
[WhiteElo "2088"]
[BlackElo "2274"]
[WhiteFideId "1005561"]
[BlackFideId "2509393"]
[EventDate "2025.06.10"]

1. e4 c6 2. d4 d5 3. e5 Bf5 4. h4 h6 5. g4 Be4 6. f3 Bh7 7. e6 Qd6 8. exf7+ Kxf7
9. Kf2 e5 10. c3 Nf6 11. Nh3 Nbd7 12. Bd3 e4 13. Be2 exf3 14. Bxf3 Be4 15. g5
hxg5 16. Nxg5+ Kg8 17. Bxe4 Nxe4+ 18. Nxe4 dxe4 19. Qg4 Nf6 20. Qg3 Qe6 21. Bg5
Bd6 22. Bf4 Nh5 23. Bxd6 Nxg3 24. Bxg3 Rf8+ 25. Ke1 Qg4 26. Bf2 Rxf2 27. Kxf2
Qf3+ 28. Kg1 e3 29. Rh2 Rxh4 30. Rxh4 Qg3+ 31. Kf1 Qf2# 0-1

[Event "Titled Tue 10th Jun Early"]
[Site "chess.com INT"]
[Date "2025.06.10"]
[Round "4"]
[White "Arkell, Keith C"]
[Black "Alothman , Ali Layth Ahmed"]
[Result "1-0"]
[WhiteTitle "GM"]
[BlackTitle "FM"]
[WhiteElo "2343"]
[BlackElo "2179"]
[WhiteFideId "400270"]
[BlackFideId "4801920"]
[EventDate "2025.06.10"]

1. d4 Nf6 2. Nf3 e6 3. c4 h6 4. g3 Bb4+ 5. Bd2 Be7 6. Bg2 d5 7. cxd5 exd5 8. O-O
O-O 9. Nc3 c6 10. a3 Bf5 11. Bf4 Nbd7 12. Ne5 Re8 13. Nxd7 Qxd7 14. b4 Bh3 15.
Be5 Bxg2 16. Kxg2 a6 17. Bxf6 Bxf6 18. e3 Be7 19. Na4 Rad8 20. Qc2 Bd6 21. Nc5
Qc8 22. Rab1 h5 23. h3 h4 24. g4 Bb8 25. Qf5 Qc7 26. Rh1 Re7 27. Qg5 Rde8 28.
Qxh4 Rxe3 29. fxe3 Rxe3 30. Rbf1 Rg3+ 31. Kf2 Qf4+ 32. Ke2 Re3+ 33. Kd2 Qxd4+
34. Kc2 Rc3+ 35. Kb1 Rb3+ 36. Nxb3 Qd3+ 37. Kb2 Be5+ 38. Kc1 Qc3+ 39. Kd1 1-0

[Event "Titled Tue 10th Jun Early"]
[Site "chess.com INT"]
[Date "2025.06.10"]
[Round "4"]
[White "Erigaisi, Arjun"]
[Black "Salinas Herrera, Pablo"]
[Result "1-0"]
[WhiteTitle "GM"]
[BlackTitle "GM"]
[WhiteElo "2782"]
[BlackElo "2447"]
[WhiteFideId "35009192"]
[BlackFideId "3407128"]
[EventDate "2025.06.10"]

1. Nf3 d5 2. c4 e6 3. e3 Nf6 4. b3 c6 5. Bb2 Bd6 6. d4 O-O 7. Bd3 Nbd7 8. O-O b6
9. Nbd2 Bb7 10. Ne5 c5 11. f4 cxd4 12. exd4 Ne4 13. Ndf3 Ndf6 14. Qc2 Rc8 15.
Kh1 Qe7 16. a3 a6 17. Qe2 h6 18. Kg1 Rfd8 19. Rfc1 dxc4 20. bxc4 Bb8 21. Re1 b5
22. c5 Bd5 23. Qc2 Qb7 24. a4 Nd6 25. axb5 Nxb5 26. Qe2 Bxf3 27. Qxf3 Qxf3 28.
Nxf3 Bxf4 29. Rxa6 Nc7 30. Ra7 Ncd5 31. g3 Nb4 32. Bc4 Nc6 33. Rxf7 Kxf7 34.
Bxe6+ Kf8 35. Bxc8 Bxg3 36. hxg3 Rxc8 37. Re6 Kf7 38. Rxc6 Rxc6 39. Ne5+ Ke6 40.
Nxc6 Kd5 41. Ne7+ 1-0

[Event "Titled Tue 10th Jun Early"]
[Site "chess.com INT"]
[Date "2025.06.10"]
[Round "4"]
[White "Williams, Simon K"]
[Black "Garcia, Erick"]
[Result "0-1"]
[WhiteTitle "GM"]
[WhiteElo "2444"]
[BlackElo "2135"]
[WhiteFideId "404454"]
[BlackFideId "2058880"]
[EventDate "2025.06.10"]

1. e4 e5 2. f4 d5 3. exd5 exf4 4. Nf3 Nf6 5. Bc4 Nxd5 6. Nc3 Be6 7. Qe2 Be7 8.
Nd4 Nxc3 9. dxc3 Bxc4 10. Qxc4 O-O 11. Bxf4 Bd6 12. O-O Bxf4 13. Rxf4 Nd7 14.
Raf1 Ne5 15. Qe2 Qd5 16. Qh5 f6 17. Rh4 h6 18. Nf5 Qc5+ 19. Kh1 Rf7 20. Nxh6+
gxh6 21. Qxh6 Rg7 22. Qh8+ Kf7 23. Qxa8 Qc6 24. Rf2 Qd5 25. Rhf4 Ng4 26. c4
Nxf2+ 27. Kg1 Nh3+ 28. Kf1 Qd1# 0-1

[Event "Titled Tue 10th Jun Early"]
[Site "chess.com INT"]
[Date "2025.06.10"]
[Round "4"]
[White "Alonso, Raphael V. P. Patricio"]
[Black "Perry, Patrick"]
[Result "1/2-1/2"]
[WhiteElo "2130"]
[BlackElo "2296"]
[WhiteFideId "2108585"]
[BlackFideId "30917727"]
[EventDate "2025.06.10"]

1. g3 Nf6 2. Bg2 g6 3. b3 Bg7 4. Bb2 O-O 5. Nf3 c5 6. O-O Nc6 7. c4 d5 8. cxd5
Qxd5 9. Nc3 Qh5 10. d3 Bh3 11. e3 Bxg2 12. Kxg2 Rfd8 13. Qe2 Ng4 14. Rfd1 Bxc3
15. Bxc3 Nxh2 16. Rac1 Qxf3+ 17. Qxf3 Nxf3 18. Kxf3 Rac8 19. Ke2 f6 20. g4 Rd5
21. f4 Rcd8 22. a3 h5 23. e4 R5d7 24. gxh5 gxh5 25. Rg1+ Kf7 26. Rcd1 Rh8 27.
Rh1 Nd4+ 28. Bxd4 cxd4 29. Rc1 h4 30. Kf3 e5 31. f5 Ke7 32. Kg4 Kd6 33. Rxh4
Rg7+ 34. Kh3 Rxh4+ 35. Kxh4 Rg2 36. Kh5 Rg3 37. Rd1 Ke7 38. Kh4 Rg2 39. Rc1 Kd6
40. Kh5 Rg3 41. Rd1 Ke7 42. Kh4 Rg2 43. Rc1 Kd6 1/2-1/2

[Event "Titled Tue 10th Jun Early"]
[Site "chess.com INT"]
[Date "2025.06.10"]
[Round "4"]
[White "Soto, Cristian Camilo"]
[Black "Khazan, Yevgeny"]
[Result "1-0"]
[WhiteTitle "FM"]
[BlackTitle "CM"]
[WhiteElo "2070"]
[BlackElo "2135"]
[WhiteFideId "4407008"]
[BlackFideId "2806193"]
[EventDate "2025.06.10"]

1. c4 e5 2. Nc3 Nc6 3. g3 Bc5 4. Bg2 d6 5. e3 a6 6. Nge2 Ba7 7. O-O h5 8. b3 h4
9. d4 hxg3 10. hxg3 Qg5 11. f4 Qh6 12. Kf2 exd4 13. exd4 Qf6 14. Be3 Nh6 15. Bf3
Ng4+ 16. Bxg4 Bxg4 17. Nd5 Rh2+ 18. Ke1 Qh6 19. Rf2 Rh1+ 20. Rf1 Rxf1+ 21. Kxf1
Qh1+ 22. Kf2 Qf3+ 23. Ke1 Nxd4 24. Nxd4 Qh1+ 25. Kd2 Bxd1 26. Nxc7+ Kd7 27. Nxa8
Qe4 28. Rxd1 Bxd4 29. Bxd4 Qxd4+ 30. Kc2 Qf2+ 31. Rd2 Qxg3 32. Nb6+ Kc6 33. Nd5
Qf3 34. Rd3 Qe4 35. Kc3 Qg2 36. Re3 Qxa2 37. Re7 b5 38. Rc7# 1-0

[Event "Titled Tue 10th Jun Early"]
[Site "chess.com INT"]
[Date "2025.06.10"]
[Round "4"]
[White "Torres Rebolledo, Alvaro"]
[Black "Medina, VInce Angelo"]
[Result "1-0"]
[WhiteTitle "FM"]
[WhiteElo "2318"]
[BlackElo "2138"]
[WhiteFideId "54587670"]
[BlackFideId "5205069"]
[EventDate "2025.06.10"]

1. d4 Nf6 2. c4 g6 3. Nc3 Bg7 4. e4 O-O 5. Be2 d6 6. Be3 Nc6 7. h3 e5 8. Nf3
exd4 9. Nxd4 Bd7 10. O-O Re8 11. Qc2 Nxe4 12. Nxc6 Bxc6 13. Nxe4 Bxe4 14. Bd3
Bc6 15. Rab1 Qf6 16. b4 b6 17. c5 Rad8 18. cxb6 Ba8 19. bxc7 Rc8 20. Ba6 Qe7 21.
Bxc8 Rxc8 22. Rbd1 Rxc7 23. Qd3 Rc3 24. Qxd6 Qe4 25. Qb8+ Bf8 26. Qg3 Be7 27.
Rd4 Qc6 28. Rfd1 Kg7 29. Rd7 Bf6 30. R7d6 Qc7 31. Rxf6 Qxg3 32. fxg3 Rxe3 33.
Rf2 Rxg3 34. Rd7 Ra3 35. Rfxf7+ Kh6 36. Rxa7 1-0

[Event "Titled Tue 10th Jun Early"]
[Site "chess.com INT"]
[Date "2025.06.10"]
[Round "4"]
[White "Galyamov, Vildan"]
[Black "Matskevich, Varvara"]
[Result "1-0"]
[BlackTitle "WFM"]
[WhiteElo "2122"]
[BlackElo "1911"]
[WhiteFideId "14200929"]
[BlackFideId "13523465"]
[EventDate "2025.06.10"]

1. e4 c5 2. Nf3 d6 3. d4 cxd4 4. Nxd4 Nf6 5. Nc3 a6 6. a4 e5 7. Nde2 Be7 8. h3
Be6 9. g4 Nc6 10. Bg2 O-O 11. O-O Nd7 12. Ng3 g6 13. Bh6 Re8 14. f4 exf4 15.
Bxf4 Nde5 16. Nd5 Bxd5 17. exd5 Na5 18. b3 Bf6 19. Ra2 Bg7 20. Kh1 Qh4 21. Ne4
Rad8 22. Bg5 Qxg5 23. Nxg5 h6 24. Ne4 b6 25. Nf6+ Bxf6 26. Rxf6 Kg7 27. Rf4 Nb7
28. Qd4 Nc5 29. b4 Nd7 30. c3 Rc8 31. Raf2 Kg8 32. Bf1 a5 33. Bb5 Re7 34. Bc6
Nxc6 35. dxc6 Rxc6 36. Rxf7 Rxf7 37. Rxf7 Kxf7 38. Qd5+ 1-0

[Event "Titled Tue 10th Jun Early"]
[Site "chess.com INT"]
[Date "2025.06.10"]
[Round "4"]
[White "Lazavik, Denis"]
[Black "Plyasunov, Daniil"]
[Result "1-0"]
[WhiteTitle "GM"]
[BlackTitle "FM"]
[WhiteElo "2580"]
[BlackElo "2283"]
[WhiteFideId "13515110"]
[BlackFideId "44133839"]
[EventDate "2025.06.10"]

1. e4 c5 2. Nf3 e6 3. d4 cxd4 4. Nxd4 Nf6 5. Nc3 Nc6 6. Ndb5 Bc5 7. Nd6+ Ke7 8.
Bf4 e5 9. Nf5+ Kf8 10. Bg5 d6 11. Bc4 Be6 12. Bb3 h6 13. Bxf6 Qxf6 14. Ne3 g6
15. O-O Kg7 16. Ncd5 Qd8 17. c3 a6 18. Kh1 Rc8 19. Qd2 h5 20. f4 exf4 21. Rxf4
Ne5 22. Raf1 h4 23. h3 Qg5 24. Nf5+ gxf5 25. Rg4 Qxg4 26. hxg4 h3 27. Qg5+ Ng6
28. exf5 hxg2+ 29. Kxg2 Bxd5+ 30. Bxd5 Rh6 31. fxg6 1-0